| 000 | 00528nam a2200217Ia 4500 | ||
|---|---|---|---|
| 003 | OSt | ||
| 005 | 20140314131426.0 | ||
| 008 | 140130s9999 xx 000 0 und d | ||
| 020 | _a9780590464017 | ||
| 050 |
_aQL 737.S63 _b.M38 1994 |
||
| 100 | _aMcNulty, Faith | ||
| 245 |
_aDancing With Manatees / _cFaith McNulty. |
||
| 260 |
_bScholastic, _c1994. _aNew York : |
||
| 300 |
_a30 p. : _bcol. ill. ; _c24 cm. |
||
| 440 | _v1 | ||
| 521 | _aG4 | ||
| 526 | _c690 | ||
| 942 |
_cBK _2lcc |
||
| 999 |
_c40973 _d40973 |
||